Autobahnen in Thüringen - Statistiken

Allgemein
  • Dieses Quiz wurde 360 mal gespielt
  • Das Durchschnittsergebnis liegt bei 4 aus 5
Antwortstatistiken
Länge Autobahn % Korrekt
175 km A4
95%
76,2 km A9
91%
161 km A71
84%
75,4 km A38
73%
33,5 km A73
67%
Keine übereinstimmenden Quizze gefunden
Verteilung der Resultate
Anzahl Personen mit jedem Resultat
Perzentil nach korrekt beantworteten Fragen
Ihre Resultats-Entwicklung
Sie haben dieses Quiz noch nicht gespielt